000 00272nam a22001217a 4500
020 _a9789327250848
082 _a332.04 KUM
100 _aKumar Vishal
245 _aInternational finance
260 _aLudhiana
_bKalyani publishers
_c2015
300 _a306p
942 _cBK
999 _c3532
_d3532